| 000 | 01183cam a22002535a 4500 | ||
|---|---|---|---|
| 001 | L158148 | ||
| 008 | 140917s2014 xxk f 000 0 eng d | ||
| 035 | _a(Sirsi) u158148 | ||
| 041 | 0 | _aeng | |
| 050 | 0 | 4 | _aF711.026 |
| 110 | 2 |
_aUrban Land Institute _93094 |
|
| 245 | 0 | 0 |
_aBuild to rent _bA best practice guide |
| 250 | _a1 ed | ||
| 260 |
_aLondon _bUrban Land Institute _c2014 |
||
| 520 | _aConsiders best practice guidelines for the private build to rent sector aimed at providing high quality properties for the private rented sector. Looks at opportunities for buy to rent developments including issues such valuation and planning, form and layout of the site, fit-out specifications and strategic build to rent management. Examines factors such as location, scale, the exterior, public and private interior zones. services and utilities. Indepth case studies with graphs and diagrams are used throughout. | ||
| 520 | _aSuperseded by 2 ed | ||
| 590 | _aKA | ||
| 651 | 4 |
_aUnited Kingdom _y |
|
| 690 |
_aResidential property _96266 |
||
| 690 |
_aPlanning and development _96259 |
||
| 690 |
_aSustainability _96271 |
||
| 710 | 1 | _aUK Residential Council | |
| 942 | _n0 | ||
| 999 |
_c115172 _d115172 |
||